<?xml version="1.0" encoding="UTF-8"?>
<record
    xmlns:xsi="http://www.w3.org/2001/XMLSchema-instance"
    xsi:schemaLocation="http://www.loc.gov/MARC21/slim http://www.loc.gov/standards/marcxml/schema/MARC21slim.xsd"
    xmlns="http://www.loc.gov/MARC21/slim">

  <leader>00302    a2200109   4500</leader>
  <datafield tag="020" ind1=" " ind2=" ">
    <subfield code="a">99636356352</subfield>
  </datafield>
  <datafield tag="100" ind1=" " ind2=" ">
    <subfield code="a">Yasma</subfield>
  </datafield>
  <datafield tag="245" ind1=" " ind2=" ">
    <subfield code="a">Hithugai jahaa konme vindheh gai 2</subfield>
  </datafield>
  <datafield tag="260" ind1=" " ind2=" ">
    <subfield code="a">Male Maldives</subfield>
    <subfield code="b"> Dhagatha Publishers </subfield>
    <subfield code="c">2015</subfield>
  </datafield>
  <datafield tag="300" ind1=" " ind2=" ">
    <subfield code="a">377 pages</subfield>
  </datafield>
  <datafield tag="942" ind1=" " ind2=" ">
    <subfield code="c">AD</subfield>
    <subfield code="2">Dewey Decimal Classification</subfield>
    <subfield code="i">YAS</subfield>
    <subfield code="6">YAS</subfield>
  </datafield>
  <datafield tag="952" ind1=" " ind2=" ">
    <subfield code="2">ddc</subfield>
    <subfield code="3">Fast Cataloged Item</subfield>
    <subfield code="9">1909</subfield>
    <subfield code="a">KFPL</subfield>
    <subfield code="b">KFPL</subfield>
    <subfield code="c">DHI</subfield>
    <subfield code="d">2024-09-08</subfield>
    <subfield code="l">4</subfield>
    <subfield code="o">YAS</subfield>
    <subfield code="p">KL-2024-001696</subfield>
    <subfield code="r">2026-01-17 07:54:18</subfield>
    <subfield code="s">2026-01-08</subfield>
    <subfield code="y">AD</subfield>
  </datafield>
  <datafield tag="999" ind1=" " ind2=" ">
    <subfield code="c">1421</subfield>
    <subfield code="d">1421</subfield>
  </datafield>
</record>
